00581nam a2200145Ia 4500008004100000084002300041100001100064245005600075260005600131300002100187650008900208942000700297999001700304952011400321220326s9999||||xx |||||||||||||| ||und|| a10058 ANO Gov Bo.1 aAnonim 0aBanjarmasin, Indeks Persepsi Korupsi Indonesia 2004 aJakartabTransparency International Indonesiac2004 axiv + 37 halaman aGovernment (Pemerintahan)eG-O-VyBanjarmasi, Indeks Persepsi Korupsi Indonesia 2004 cBK c12568d12568 00104070aPINLbPINL cSHELFd2022-03-26g10.00l0o10058 ANO Gov Bo.1p1005801r2022-03-26w2022-03-26yBK